000 00696nam a2200229 i 4500
001 17835
003 ES-MaACL
005 20230906151704.0
007 t|
008 010604s2000 sp ||||1| spa d
020 _a84-95481-03-0
080 _a1 Nietzsche, Friedrich
100 1 _aZuleta Cortés, Alvaro.
_9118455
245 1 0 _aNietzsche, el filósofo seductor /
_cAlvaro Zuleta Cortés.
260 _aMadrid :
_bBrand,
_c[2000]
300 _a208 p. ;
_c21 cm.
490 1 _aAuryn ensayo
600 1 4 _aNietzsche, Friedrich,
_d1844-1900-
_xCrítica e interpretación
_985721
830 0 _aAuryn ensayo
_9180352
852 _aES-MaACL
_jL-24662
_bR.129899
999 _c17835
_d17835